Quiénes construyeron más tamboras / (Record no. 44951)
[ view plain ]
| 000 -CABECERA | |
|---|---|
| campo de control de longitud fija | 00411nam a2200133 a 4500 |
| 001 - NÚMERO DE CONTROL | |
| campo de control | 000045462 |
| 005 - FECHA Y HORA DE LA ÚLTIMA TRANSACCIÓN | |
| campo de control | 20201002052250.0 |
| 008 - DATOS DE LONGITUD FIJA--INFORMACIÓN GENERAL | |
| campo de control de longitud fija | 150407s19uu dr a 000 0 spa d |
| 040 0# - FUENTE DE LA CATALOGACIÓN | |
| Centro catalogador/agencia de origen | DO-SdBNP |
| Lengua de catalogación | spa |
| Centro/agencia transcriptor | BNPHU |
| 100 1# - ENTRADA PRINCIPAL--NOMBRE DE PERSONA | |
| Nombre de persona | Gimeno, Ma. Consuelo |
| 9 (RLIN) | 73516 |
| 245 10 - MENCIÓN DE TÍTULO | |
| Título | Quiénes construyeron más tamboras / |
| Mención de responsabilidad, etc. | Ma. Consuelo Gimeno. |
| 260 ## - PUBLICACIÓN, DISTRIBUCIÓN, ETC. | |
| Lugar de publicación, distribución, etc. | Santo Domingo : |
| Nombre del editor, distribuidor, etc. | Centro Poveda, |
| Fecha de publicación, distribución, etc. | [190?]. |
| 300 ## - DESCRIPCIÓN FÍSICA | |
| Extensión | 5 p. : |
| Otras características físicas | il. ; |
| Dimensiones | 21 cm. |
| Estado de retiro | Estado de pérdida | No para préstamo | Código de colección | Localización permanente | Ubicación/localización actual | Ubicación en estantería | Fecha de adquisición | Número de inventario | Total de préstamos | Signatura topográfica completa | Código de barras | Fecha visto por última vez | Precio válido a partir de | Tipo de ítem Koha |
|---|---|---|---|---|---|---|---|---|---|---|---|---|---|---|
| Patrimonio Dominicano | General | General | Orden iniciada | 07.04.2015 | LF1 | 45462-10 | 25.06.2020 | 25.06.2020 | Libro y Folleto Colección Patrimonio Dominicano | |||||
| Patrimonio Dominicano | General | General | Orden iniciada | 07.04.2015 | LF1 | 45462-20 | 25.06.2020 | 25.06.2020 | Libro y Folleto Colección Patrimonio Dominicano |
